John Wayne's world (Record no. 15133)
[ view plain ]
| 000 -LEADER | |
|---|---|
| fixed length control field | 02295nam a2200385 a 4500 |
| 082 04 - DEWEY DECIMAL CLASSIFICATION NUMBER | |
| Classification number | 791.4302/8092 |
| 100 1# - MAIN ENTRY--AUTHOR NAME | |
| Personal name | Meeuf, Russell, |
| 245 10 - TITLE STATEMENT | |
| Title | John Wayne's world |
| 250 ## - EDITION STATEMENT | |
| Edition statement | 1st ed. |
| 260 ## - PUBLICATION, DISTRIBUTION, ETC. (IMPRINT) | |
| Place of publication | Austin : |
| Name of publisher | University of Texas Press, |
| Year of publication | 2013. |
| 300 ## - PHYSICAL DESCRIPTION | |
| Number of Pages | x, 213 p. : |
| Other physical details | ill. |
| 505 0# - FORMATTED CONTENTS NOTE | |
| Formatted contents note | Introduction: reexamining John Wayne -- The emergence of "John Wayne": Red River, global masculinity, and Wayne's romantic anxieties -- Exile, community, and wandering: international migration and the spatial dynamics of modernity in John Ford's cavalry trilogy -- John Wayne's cold war: mass tourism and the anticommunist crusade -- John Wayne's body: technicolor and 3-D anxieties in Hondo and the Searchers -- John Wayne's Africa: European colonialism versus U.S. global leadership in Legend of the lost -- John Wayne's Japan: international production, global trade -- And John Wayne's diplomacy in the Barbarian and the Geisha -- Men at work in tight spaces: masculinity, professionalism, and politics in Rio Bravo and the Alamo -- Conclusion: the man who shot Liberty Valance and nostalgia for John Wayne's world. |
| 650 #0 - SUBJECT ADDED ENTRY--TOPICAL TERM | |
| Topical Term | Motion picture industry |
| Topical Term | Masculinity in motion pictures. |
| Topical Term | Motion pictures and globalization. |
| Topical Term | Nineteen fifties. |
| 856 40 - ELECTRONIC LOCATION AND ACCESS | |
| Uniform Resource Identifier | http://site.ebrary.com/lib/rucke/Doc?id=10747514 |
No items available.
